| Tag |
First Indicator |
Second Indicator |
Subfields |
| LEADER |
00000nam a22000007i 4500 |
| 001 |
in00004790607 |
| 003 |
OCoLC |
| 005 |
20240104151406.7 |
| 006 |
m o d |
| 007 |
cr cnu---unuuu |
| 008 |
231221t20242024enk o 000 0 eng d |
| 024 |
8 |
|
|a 40032280474
|
| 040 |
|
|
|a OCLKB
|b eng
|e rda
|e pn
|c OCLKB
|d YDX
|
| 020 |
|
|
|a 9781009057349
|q electronic book
|
| 020 |
|
|
|a 1009057340
|q electronic book
|
| 020 |
|
|
|z 9781009479370
|
| 035 |
|
|
|a (OCoLC)1415825133
|
| 050 |
|
4 |
|a BF1548
|b .L39 2024
|
| 082 |
0 |
4 |
|a 133.4/22
|2 23/eng/20240104
|
| 100 |
1 |
|
|a Laycock, Joseph,
|d 1980-
|e author.
|
| 245 |
1 |
0 |
|a Satanism /
|c Joseph P. Laycock.
|
| 264 |
|
1 |
|a Cambridge, United Kingdom ;
|a New York, NY :
|b Cambridge University Press,
|c 2024.
|
| 264 |
|
4 |
|c ©2024
|
| 300 |
|
|
|a 1 online resource.
|
| 336 |
|
|
|a text
|b txt
|2 rdacontent
|
| 337 |
|
|
|a computer
|b c
|2 rdamedia
|
| 338 |
|
|
|a online resource
|b cr
|2 rdacarrier
|
| 490 |
1 |
|
|a Cambridge elements. Elements in new religious movements
|
| 588 |
|
|
|a Description based on online resource; title from digital title page (viewed on January 04, 2024).
|
| 650 |
|
0 |
|a Satanism.
|
| 655 |
|
7 |
|a Electronic books.
|2 local
|
| 710 |
2 |
|
|a Cambridge University Press
|
| 830 |
|
0 |
|a Cambridge elements.
|p Elements in new religious movements.
|
| 856 |
4 |
0 |
|u http://proxy.library.tamu.edu/login?url=https://doi.org/10.1017/9781009057349
|z Connect to the full text of this electronic book
|t 0
|
| 945 |
|
|
|a machinegen
|b 72038
|
| 955 |
|
|
|a YBP purchased approval e-records
|
| 980 |
|
|
|b ebook
|c 40032280474
|f NONFIC/B
|g 565751
|k USD
|m 120.00
|q 1
|s AcqMono Conventional
|t Approval plan
|u Vendor order reference number
|v ZYBP
|y E-approvals
|z Electronic resource
|
| 999 |
f |
f |
|i d0878e75-b9e6-4b65-a979-eeef662632fb
|s d3ccbac4-cf24-4fab-9f0f-027531e77dea
|t 0
|
| 952 |
f |
f |
|a Texas A&M University
|b College Station
|c Electronic Resources
|s www_evans
|d Available Online
|t 0
|e BF1548 .L39 2024
|h Library of Congress classification
|